¿Vivimos en una era posecumenica? (Registro nro. 69669)
[ vista simple ]
| 000 -LÍDER | |
|---|---|
| Campo fijo de descripción fija | 01190nab a2200217 i 4500 |
| 001 - NÚMERO DE CONTROL | |
| Campo de control | 768714001 |
| 003 - IDENTIFICADOR DEL NÚMERO DE CONTROL | |
| Campo de control | CO-MdFUSB |
| 005 - FECHA Y HORA DE LA ULTIMA TRANSACCIÓN | |
| control field | 20240510072302.0 |
| 008 - ELEMENTOS DE LONGITUD FIJA -- INFORMACIÓN GENERAL | |
| Campo fijo de descripción fija -- Información general | 240510t1970 sp ||||| |||| 00| 0 spa d |
| 040 ## - FUENTE DE CATALOGACIÓN | |
| Idioma de catalogación | spa |
| Agencia que realiza la transcripción | CO-MdFUSB |
| Agencia que realiza la modificación | CO-MdFUSB |
| 041 ## - CÓDIGO DE IDIOMA | |
| Código de idioma para texto/pista de sonido o título separado | spa |
| 100 1# - ASIENTO PRINCIPAL--NOMBRE PERSONAL | |
| Nombre personal | Küng, Hans, |
| Fechas asociadas con el nombre | 1928- |
| Término relacionador | autor |
| 245 ## - TÍTULO | |
| Título | ¿Vivimos en una era posecumenica? |
| Mención de responsabilidad | / Hans Küng |
| 520 ## - NOTA DE RESUMEN, ETC. | |
| Nota de sumario, etc. | El hecho de que la teología, al igual que toda la vida moderna, se halle inundada por una catarata de fórmulas hechas, de sentido ambiguo, no constituye un progreso necesariamente digno de alabanza. Estas fórmulas pueden servir de revulsivo, pero también pueden dispensar al hombre de pensar y apartarle de la acción. La expresión «era posecuménica» constituye una de estas fórmulas hechas que, en este número, habrá de ser considerada como una exigencia positiva. |
| 650 #0 - ASIENTO SECUNDARIO DE MATERIA - TERMINO TEMÁTICO | |
| Término temático o nombre geográfico como elemento de entrada | Ecumenismo |
| Subdivisión general | Historia |
| 9 (RLIN) | 1146 |
| 650 #7 - ASIENTO SECUNDARIO DE MATERIA - TERMINO TEMÁTICO | |
| Término temático o nombre geográfico como elemento de entrada | Iglesia |
| 9 (RLIN) | 655 |
| 653 ## - TÉRMINO DE INDIZACIÓN - NO CONTROLADO | |
| Término no controlado | Era posecumenica |
| 773 0# - ASIENTO DE ITEM FUENTE | |
| Biblionumber | 49450 |
| Itemnumber | 82617 |
| Otro identificador del ítem | R2544 |
| Título | Revista internacional de teología Concilium |
| Número de control del registro | (CO-MdFUSB)8 |
| Número Internacional Normalizado para Publicaciones Seriadas (ISSN) | 0210-1041 |
| Parte(s) relacionada(s) / Volumen., número. (mes año), páginas | Número 54, (abril, 1970), páginas: 5 |
| Enumeración y primera página | página: 5 |
| 942 ## - TIPO DE MATERIAL (KOHA) | |
| Tipo de Item KOHA | Artículos de Revista |
| 945 ## - INFORMACIÓN LOCAL DEL REGISTRO | |
| Catalogador | Catherine Arias Alvarez - Practicante SENA |
No hay ítems disponibles.
